Crítica del juicio
Uloženo v:
| Médium: | Kniha |
|---|---|
| Jazyk: | španělština |
| Vydáno: |
Buenos Aires
Losada
1968
|
| Vydání: | 2a. ed |
| Edice: | Biblioteca Filosófica
|
| Témata: | |
| Tagy: |
Přidat tag
Žádné tagy, Buďte první, kdo vytvoří štítek k tomuto záznamu!
|
MARC
| LEADER | 00000nam a2200000 a 4500 | ||
|---|---|---|---|
| 001 | UCL2340 | ||
| 003 | CL-VaPUC | ||
| 005 | 20210810184616.0 | ||
| 008 | 031017e19680000AG |||||||||||||||||spa|d | ||
| 999 | |c 305680 |d 305678 | ||
| 040 | |c Pontificia Universidad Católica de Valparaíso | ||
| 082 | 0 | 4 | |a 193 |b KAN |2 21 |
| 245 | 1 | 0 | |a Crítica del juicio |
| 250 | |a 2a. ed | ||
| 260 | |a Buenos Aires |b Losada |c 1968 | ||
| 300 | |a 339 p | ||
| 490 | 0 | |a Biblioteca Filosófica | |
| 583 | |a last modification |c 20031017 00:00:00 |k Rodrigo Vera | ||
| 650 | 0 | |a Filosofía alemana |9 265002 | |
| 650 | 0 | |a Juicio |9 321615 | |
| 650 | 0 | |a Teoría del conocimiento |9 255038 | |
| 852 | |a BIBCUR | ||
| 942 | |c BK |2 ddc | ||
| 945 | |d 20031017 00:00:00 |a cmena | ||
| 952 | |0 0 |1 0 |4 0 |6 193_000000000000000_KAN_1968 |7 0 |8 A |9 369936 |a BIBDER |b BIBDER |d 2019-11-21 |i 3919013 |o 193 KAN 1968 |p 3919013 |r 2023-01-25 |w 2019-11-21 |y BK |k DER | ||